000 00872nam a22002417a 4500
001 BR8304191
003 BR-BrBNA
005 20230928091715.0
007 ta
008 230509b bl.||||| |||| 00| 0 por d
040 _aBR-BrBNA
_bpor
_cBiblioteca Nacional de Agricultura
041 _a(Spa, Por)
072 _aQ20
_b/G514
090 _ Q20 BR8304191
110 1 _aSociedade Brasileira de Microbiologia, Sao Paulo, SP
_99771
111 1 _a9. Congresso Latino Americano de Microbiologia; 12. Congresso Brasileiro de Microbiologia
_cSao Paulo, SP (Brazil)
_d25-29 Jul 1983
245 1 _aPrograma - Resumos do 9. Congresso Latino Americano de Microbiologia e do 12. Congresso Brasileiro de Microbiologia
260 3 _aSao Paulo, SP (Brasil):
_c1983.
300 _a328 p.
650 _aMICROBIOLOGIA DE ALIMENTO
909 _a202309
_bLucia
_c55
_dLucia Elande
942 _cBK
999 _c35115
_d35115